000 00723nam a2200205 a 4500
003 0
005 20250523135934.0
008 021127s19uu xx 00 eng d
050 _aPGS GV 965
_b.H236 2001
100 _aHandog, Gerie Leen I.
245 _aThe effects of golf to the character development of junior golfers /
_cHandog, Gerie Leen I.
260 _aLas PiƱas City, Philippines :
_bSouthville International School and Colleges,
_c2001.
300 _a24 pages :
_billustrations ;
_c28 cm.
504 _aIncludes bibliographical references.
650 _aGolf for children.
650 _aCharacter.
650 _aYouth
_vConduct of life.
650 _aGolf
_vPsychological aspects.
942 _2lcc
_cPASS
999 _c96525
_d96525